000 00535nam a2200145 i 4500
001 77131
003 ES-MaACL
005 20230906173107.0
007 t|
008 041006s1917 mx ||||1| spa d
100 1 _aGuzmán y Raz Guzmán, Jesús.
_961324
245 1 0 _aBreves apuntes sobre una cuestión trascendental
_b: ¿cuáles son los medios más apropiados y prácticos para mejorar al empleado de comercio en nuestro país? /
_cJesús Guzmán y Raz Guzmán.
260 _aMexico :
_b[s.n.,
_c1917]
852 _aES-MaACL
_j1561-F-16
999 _c77131
_d77131